Capturing autonomous technology acceptance with structured text and content analysis of social media comments

Today, the number of cities involved in the road tests of different autonomous vehicles is dynamically increasing. At the same time, it is becoming increasingly important to understand people’s opinions about autonomous urban mobility. Although several social science studies address the acceptance o...

Teljes leírás

Elmentve itt :
Bibliográfiai részletek
Szerző: Lukovics Miklós
Testületi szerző: Globalisation, integration, cooperation - what is at stake in the current turbulent times?
Dokumentumtípus: Könyv része
Megjelent: University of Szeged, Faculty of Economics and Business Administration, Doctoral School in Economics Szeged 2025
Sorozat:Conference in cooperation with the European Association for Comparative Economic Studies
Kulcsszavak:Közösségi média, Közlekedésszociológia
Tárgyszavak:
doi:10.14232/gtk.nfdsib.2025.1

Online Access:http://acta.bibl.u-szeged.hu/87232
LEADER 02242naa a2200253 i 4500
001 acta87232
005 20250506080922.0
008 250506s2025 hu o 100 eng d
020 |a 978-963-688-040-8 
024 7 |a 10.14232/gtk.nfdsib.2025.1  |2 doi 
040 |a SZTE Egyetemi Kiadványok Repozitórium  |b hun 
041 |a eng 
100 1 |a Lukovics Miklós 
245 1 0 |a Capturing autonomous technology acceptance with structured text and content analysis of social media comments  |h [elektronikus dokumentum] /  |c  Lukovics Miklós 
260 |a University of Szeged, Faculty of Economics and Business Administration, Doctoral School in Economics  |b Szeged  |c 2025 
300 |a 10-29 
490 0 |a Conference in cooperation with the European Association for Comparative Economic Studies 
520 3 |a Today, the number of cities involved in the road tests of different autonomous vehicles is dynamically increasing. At the same time, it is becoming increasingly important to understand people’s opinions about autonomous urban mobility. Although several social science studies address the acceptance of autonomous vehicles, most of the studies apply questionnaire methods. Furthermore, scarce information is available about how people formulate their opinion if there is no research framework, and they form their opinion spontaneously, especially in countries where the road test of autonomous vehicles is less common. The main aim of the present study is to find out the free and spontaneous opinion of the Hungarian population regarding autonomous vehicles. The method is the analysis of Hungarian-language comments about autonomous vehicles on the most popular social media platforms (Facebook and YouTube): 1,690 comments of 10 posts in total are analyzed in the form of software-supported structured text and content analysis. 
650 4 |a Társadalomtudományok 
650 4 |a Szociológia 
650 4 |a Társadalom- és gazdaságföldrajz 
695 |a Közösségi média, Közlekedésszociológia 
711 |a Globalisation, integration, cooperation - what is at stake in the current turbulent times?  |c Szeged  |d 2024. március 22-23. 
856 4 0 |u http://acta.bibl.u-szeged.hu/87232/1/navigating_the_future_2025_010-029.pdf  |z Dokumentum-elérés